000 00715cam a2200193 4500500
005 20260111080417.0
041 _afre
042 _adc
100 1 0 _ade Vitry, Geoffroy
_eauthor
700 1 0 _aLechaire, Clément
_eauthor
245 0 0 _aLe renouveau des collectifs budgétaires de fin d’année, un renforcement des pouvoirs du Parlement
260 _c2020.
500 _a71
690 _abudget de l’État
690 _aloi de finances rectificative
690 _aprocédure budgétaire
786 0 _nGestion & Finances Publiques | 3 | 3 | 2020-06-22 | p. 20-28 | 1969-1009
856 4 1 _uhttps://droit.cairn.info/revue-gestion-et-finances-publiques-2020-3-page-20?lang=fr&redirect-ssocas=7080
999 _c1616275
_d1616275